000 00402nam a2200133Ia 4500
005 20260328101443.0
008 260328s9999||||xx |||||||||||||| ||und||
100 _aBaker, Geoffrey H.
245 0 _aDesign strategies in Architecture :
_b An approach to the analysis of form /
_cGeoffrey H. Baker
260 _bVan Nostrand Reinhold
300 _a285 p.
650 _aARQUITECTURA - ELEMENTOS
942 _cBK
999 _c8352
_d8352